[Event "TCh-FRA Top 12 2014"]
[Site "Saint-Quentin FRA"]
[Date "2014.05.29"]
[Round "6.6"]
[White "Roos, Louis"]
[Black "Koch, Jean-Rene"]
[Result "1-0"]
[WhiteTitle "IM"]
[BlackTitle "IM"]
[WhiteElo "2351"]
[BlackElo "2455"]
[WhiteTeam "C.E. Strasbourg"]
[BlackTeam "Club d'Echecs Metz Fischer"]
[WhiteFideId "600288"]
[BlackFideId "600148"]
[EventDate "2014.05.24"]

1. d4 d5 2. Nf3 e6 3. Bf4 Bd6 4. Bg3 Nf6 5. Nbd2 Ne4 6. e3 f5 7. c4 O-O 8. Qb3
c6 9. Bd3 Kh8 10. Rd1 Qe7 11. c5 Bc7 12. Be5 b6 13. Bxc7 Qxc7 14. Qa3 b5 15. Ne5
Nxd2 16. Rxd2 Nd7 17. Nxd7 Bxd7 18. f4 g5 19. Rf2 Rg8 20. Qc3 a5 21. Qd2 g4 22.
g3 Rg6 23. h3 Rag8 24. Rfh2 R8g7 25. Kf2 Kg8 26. Be2 gxh3 27. Rxh3 Rf6 28. Bh5
Kf8 29. Qe2 Be8 30. Bxe8 Kxe8 31. Rh6 Rxh6 32. Rxh6 Rg6 33. Qh5 Qg7 34. Rxh7 Qf6
35. Ra7 Kf8 36. Qh7 Rg7 37. Qh8+ 1-0

[Event "TCh-FRA Top 12 2014"]
[Site "Saint-Quentin FRA"]
[Date "2014.05.29"]
[Round "6.7"]
[White "Belkhodja, Slim"]
[Black "Heinz, Timothee"]
[Result "1/2-1/2"]
[WhiteTitle "GM"]
[BlackTitle "FM"]
[WhiteElo "2410"]
[BlackElo "2322"]
[WhiteTeam "Club d'Echecs Metz Fischer"]
[BlackTeam "C.E. Strasbourg"]
[WhiteFideId "600229"]
[BlackFideId "623369"]
[EventDate "2014.05.24"]

1. b3 e5 2. Bb2 d6 3. e3 Nf6 4. c4 c6 5. Nf3 Bg4 6. Be2 Nbd7 7. d4 Qc7 8. Nc3
Be7 9. h3 Bxf3 10. Bxf3 Nf8 11. Qc2 Ng6 12. h4 exd4 13. exd4 d5 14. O-O-O O-O-O
15. Kb1 Nf4 16. Qf5+ Kb8 17. g3 Ne6 18. cxd5 g6 19. Qd3 Nxd5 20. Bxd5 cxd5 21.
h5 Qd7 22. Qf3 Rhf8 23. Bc1 Bb4 24. Ne2 a6 25. Bh6 Rfe8 26. Nf4 Nxf4 27. Bxf4+
Ka7 28. hxg6 fxg6 29. Qd3 Re4 30. Rc1 Rc8 31. Rxh7 1/2-1/2

[Event "TCh-FRA Top 12 2014"]
[Site "Saint-Quentin FRA"]
[Date "2014.05.29"]
[Round "6.8"]
[White "Nicoara, Malina"]
[Black "Leconte, Maria"]
[Result "1/2-1/2"]
[WhiteTitle "WIM"]
[BlackTitle "WGM"]
[WhiteElo "2108"]
[BlackElo "2259"]
[WhiteTeam "C.E. Strasbourg"]
[BlackTeam "Club d'Echecs Metz Fischer"]
[WhiteFideId "604631"]
[BlackFideId "618446"]
[EventDate "2014.05.24"]

1. d4 Nf6 2. c4 e6 3. Nc3 Bb4 4. Bd2 O-O 5. Nf3 d5 6. e3 Nbd7 7. Be2 c6 8. O-O
Bd6 9. Qc2 dxc4 10. Bxc4 e5 11. dxe5 Nxe5 12. Nxe5 Bxe5 13. f4 Bc7 14. Rae1 Qe7
15. Bc1 Re8 16. Bd3 Bb6 17. Na4 Ba5 18. Bd2 Bxd2 19. Qxd2 Be6 20. b3 b5 21. Nb2
Bd5 22. Qc1 Rad8 23. Bf5 Rd6 24. Re2 g6 25. Bb1 Be4 26. Bxe4 Qxe4 27. Rd1 Red8
28. Rxd6 Rxd6 29. h3 Qd5 30. Rc2 Ne4 31. Kh2 h5 32. Qe1 Qf5 33. Qc1 Qf6 34. Qe1
Qf5 35. Qc1 c5 36. a4 a6 37. axb5 axb5 38. Qf1 b4 39. Nc4 Rd5 40. Qa1 Nc3 41.
Qa8+ Kg7 42. Rc1 Rd3 43. Ra1 Qd5 44. Qb8 Qd8 1/2-1/2

[Event "TCh-FRA Top 12 2014"]
[Site "Saint-Quentin FRA"]
[Date "2014.05.29"]
[Round "6.1"]
[White "Mista, Aleksander"]
[Black "Salgado Lopez, Ivan"]
[Result "1/2-1/2"]
[WhiteTitle "GM"]
[BlackTitle "GM"]
[WhiteElo "2593"]
[BlackElo "2627"]
[WhiteTeam "Echecs Club Montpellier"]
[BlackTeam "L'Echiquier Chalonnais"]
[WhiteFideId "1110381"]
[BlackFideId "2257327"]
[EventDate "2014.05.24"]

1. e4 e5 2. Nf3 Nc6 3. Bb5 a6 4. Ba4 Nf6 5. O-O Be7 6. d3 b5 7. Bb3 O-O 8. a4 b4
9. Nbd2 d6 10. Nc4 h6 11. h3 Be6 12. a5 Qc8 13. Be3 Rd8 14. Nfd2 d5 15. Ba4 Qb7
16. Bxc6 Qxc6 17. Nxe5 Qb5 18. exd5 Nxd5 19. Nec4 b3 20. Nxb3 Nxe3 21. fxe3 Bxc4
22. dxc4 Qxc4 23. Nd2 Qb4 24. Qf3 Rf8 25. Ne4 Qxb2 26. Rad1 Rae8 27. Qf5 g6 28.
Qd5 Rd8 29. Qc4 Qb4 30. Qc6 Kg7 31. c4 Qb3 32. Rde1 Qd3 33. Rf3 Qd7 34. Qxa6 f5
35. Nf2 Ra8 36. Qb7 Rfb8 37. Qd5 Qxd5 38. cxd5 Rxa5 39. Rc1 Rb7 40. e4 fxe4 41.
Nxe4 Rxd5 42. Rfc3 Bd8 43. Rc6 Rb6 44. Kf2 Rb2+ 45. R1c2 Rxc2+ 46. Rxc2 c5 47.
Kf3 Be7 48. Ra2 Kf7 49. Ra6 Rd1 50. Rc6 Rc1 51. Ke2 Rc2+ 52. Kf3 c4 53. Nd6+
Bxd6 54. Rxd6 c3 55. Rc6 Rc1 56. Kf2 h5 57. Kg3 g5 58. h4 gxh4+ 59. Kxh4 c2 60.
Kg3 Ke7 61. Kh2 Kd7 62. Rc3 Kd6 1/2-1/2

[Event "TCh-FRA Top 12 2014"]
[Site "Saint-Quentin FRA"]
[Date "2014.05.29"]
[Round "6.2"]
[White "Sokolov, Ivan"]
[Black "Vazquez Igarza, Renier"]
[Result "1/2-1/2"]
[WhiteTitle "GM"]
[BlackTitle "GM"]
[WhiteElo "2650"]
[BlackElo "2601"]
[WhiteTeam "L'Echiquier Chalonnais"]
[BlackTeam "Echecs Club Montpellier"]
[WhiteFideId "14400030"]
[BlackFideId "3503054"]
[EventDate "2014.05.24"]

1. d4 Nf6 2. c4 e6 3. Nf3 d5 4. Bg5 Be7 5. Nc3 h6 6. Bh4 O-O 7. e3 b6 8. Be2
Nbd7 9. cxd5 exd5 10. O-O Bb7 11. Qb3 c5 12. dxc5 Nxc5 13. Qd1 Nce4 14. Nb5 Bc5
15. Rc1 a6 16. Nbd4 Re8 17. Ne1 Qd7 18. Nd3 Bd6 19. a3 Rac8 20. f3 Rxc1 21. Qxc1
Ng5 22. Nb4 Rc8 23. Qd2 b5 24. Rc1 Re8 25. Kh1 Rc8 26. Rc3 Bc5 27. Bd3 g6 28.
Qc2 Bb6 29. Rxc8+ Bxc8 30. Qc3 Bb7 31. Be2 Ne8 32. Nd3 Qc7 33. Qxc7 Nxc7 34. Kg1
Kg7 35. Bg3 Nge6 36. Kf2 f6 37. Nxe6+ Nxe6 38. b4 Kf7 39. Bd1 Ke7 40. Ke2 Bc6
41. Bc2 Be8 42. Bb3 Bc6 43. Nf4 1/2-1/2

[Event "TCh-FRA Top 12 2014"]
[Site "Saint-Quentin FRA"]
[Date "2014.05.29"]
[Round "6.3"]
[White "Flear, Glenn C"]
[Black "Krasenkow, Michal"]
[Result "1/2-1/2"]
[WhiteTitle "GM"]
[BlackTitle "GM"]
[WhiteElo "2488"]
[BlackElo "2635"]
[WhiteTeam "Echecs Club Montpellier"]
[BlackTeam "L'Echiquier Chalonnais"]
[WhiteFideId "400165"]
[BlackFideId "1113100"]
[EventDate "2014.05.24"]

1. d4 d5 2. c4 e6 3. Nc3 c6 4. e3 Bd6 5. Bd3 f5 6. b3 Nf6 7. Bb2 Ne4 8. Qc2 O-O
9. Nf3 b6 10. Ne5 Bb7 11. O-O a5 12. f3 Nxc3 13. Bxc3 Na6 14. cxd5 cxd5 15. Qe2
a4 16. bxa4 Bxe5 17. dxe5 Nc5 18. Bb5 Nxa4 19. Bd4 Nc5 20. Rfc1 Qe7 21. Rc3 Rfc8
22. Rac1 Kf7 23. a4 Nb3 24. Rxc8 Rxc8 25. Rxc8 Nxd4 26. exd4 Bxc8 27. Qc2 Bd7
28. Qc7 Bxb5 29. Qxe7+ Kxe7 30. axb5 1/2-1/2

[Event "TCh-FRA Top 12 2014"]
[Site "Saint-Quentin FRA"]
[Date "2014.05.29"]
[Round "6.4"]
[White "Velten, Paul"]
[Black "Kazhgaleyev, Murtas"]
[Result "0-1"]
[WhiteTitle "IM"]
[BlackTitle "GM"]
[WhiteElo "2429"]
[BlackElo "2570"]
[WhiteTeam "L'Echiquier Chalonnais"]
[BlackTeam "Echecs Club Montpellier"]
[WhiteFideId "681091"]
[BlackFideId "13700316"]
[EventDate "2014.05.24"]

1. d4 Nf6 2. Nf3 e6 3. Bg5 h6 4. Bxf6 Qxf6 5. e4 d5 6. Bd3 c5 7. O-O dxe4 8.
Bxe4 cxd4 9. c3 Bd6 10. cxd4 O-O 11. Nc3 Nd7 12. Re1 Rd8 13. Qb3 Nf8 14. a4 Rb8
15. Nb5 a6 16. Nxd6 Rxd6 17. Qb4 Qd8 18. a5 f5 19. Bd3 b6 20. Bc4 Bb7 21. axb6
Bxf3 22. gxf3 Rbxb6 23. Qc3 Rxd4 24. Rxa6 Rxa6 25. Bxa6 Kh7 26. Bc4 Rh4 27. Bxe6
Qg5+ 28. Kf1 Rxh2 29. Bd5 Ng6 30. Re8 Rh1+ 0-1

[Event "TCh-FRA Top 12 2014"]
[Site "Saint-Quentin FRA"]
[Date "2014.05.29"]
[Round "6.5"]
[White "Libiszewski, Fabien"]
[Black "Sebag, Marie"]
[Result "0-1"]
[WhiteTitle "GM"]
[BlackTitle "GM"]
[WhiteElo "2543"]
[BlackElo "2486"]
[WhiteTeam "Echecs Club Montpellier"]
[BlackTeam "L'Echiquier Chalonnais"]
[WhiteFideId "616834"]
[BlackFideId "617822"]
[EventDate "2014.05.24"]

1. e4 c5 2. Nf3 d6 3. d4 cxd4 4. Nxd4 Nf6 5. Nc3 a6 6. Be3 e5 7. Nb3 Be6 8. h3
Be7 9. f4 exf4 10. Bxf4 Nc6 11. Qe2 Nd7 12. O-O-O Nce5 13. Nd5 Bxd5 14. exd5 O-O
15. Kb1 Rc8 16. g4 Re8 17. Qg2 Bg5 18. Bg3 Bf6 19. Bf4 Nc4 20. Bxc4 Rxc4 21.
Rhf1 Bxb2 22. Bxd6 Bf6 23. Qf3 h6 24. Ba3 a5 25. d6 a4 26. Qxb7 axb3 27. axb3
Rc8 28. Qb5 Re5 29. Rd5 Rb8 30. Qd3 Qe8 31. Bb2 Re1+ 32. Rxe1 Qxe1+ 33. Qd1 Qe6
34. Bxf6 Nxf6 35. Rd4 Rd8 36. c4 Ne4 37. Qd3 Nc5 38. Qg3 Qe2 39. Qc3 Ra8 40. d7
Qf1+ 0-1

[Event "TCh-FRA Top 12 2014"]
[Site "Saint-Quentin FRA"]
[Date "2014.05.29"]
[Round "6.6"]
[White "Dourerassou, Jonathan"]
[Black "Touzane, Olivier"]
[Result "0-1"]
[WhiteTitle "IM"]
[BlackTitle "IM"]
[WhiteElo "2502"]
[BlackElo "2325"]
[WhiteTeam "L'Echiquier Chalonnais"]
[BlackTeam "Echecs Club Montpellier"]
[WhiteFideId "628050"]
[BlackFideId "602906"]
[EventDate "2014.05.24"]

1. e4 e6 2. d4 d5 3. Nc3 Bb4 4. Ne2 Nf6 5. e5 Ne4 6. a3 Nxc3 7. Nxc3 Be7 8. Qg4
Kf8 9. h4 h5 10. Qf4 c5 11. Rh3 cxd4 12. Rf3 f5 13. exf6 Bxf6 14. Qxd4 Nc6 15.
Qa4 Qa5 16. Qxa5 Nxa5 17. Bg5 Ke7 18. Bxf6+ gxf6 19. O-O-O Nc6 20. Re1 Kf7 21.
g3 Rd8 22. Rd3 Ne5 23. Rdd1 Bd7 24. f4 Ng4 25. f5 e5 26. Rxd5 Bxf5 27. Bg2 b6
28. Nb5 Rac8 29. c3 Rxd5 30. Bxd5+ Kg6 31. Nd6 Rd8 32. Nxf5 Kxf5 33. Bf7 Rh8 34.
Kd2 Nh2 35. Rh1 Nf3+ 36. Ke3 e4 37. Bd5 Re8 38. Bf7 Rd8 39. Bc4 Kg4 40. Be2 Kxg3
41. Kxe4 Re8+ 42. Kd3 f5 43. c4 f4 44. Rc1 Re3+ 0-1

[Event "TCh-FRA Top 12 2014"]
[Site "Saint-Quentin FRA"]
[Date "2014.05.29"]
[Round "6.7"]
[White "Collas, Silvia"]
[Black "Favarel, Antoine"]
[Result "1/2-1/2"]
[WhiteTitle "IM"]
[BlackTitle "FM"]
[WhiteElo "2290"]
[BlackElo "2333"]
[WhiteTeam "Echecs Club Montpellier"]
[BlackTeam "L'Echiquier Chalonnais"]
[WhiteFideId "2902265"]
[BlackFideId "642371"]
[EventDate "2014.05.24"]

1. c4 e6 2. g3 d5 3. Bg2 Nf6 4. Nf3 c6 5. b3 Nbd7 6. Bb2 Bd6 7. Nc3 O-O 8. Qc2
b6 9. O-O Bb7 10. d3 e5 11. e4 d4 12. Ne2 b5 13. a3 a5 14. Nd2 Qe7 15. h3 b4 16.
a4 Nc5 17. f4 Nfd7 1/2-1/2

[Event "TCh-FRA Top 12 2014"]
[Site "Saint-Quentin FRA"]
[Date "2014.05.30"]
[Round "7.1"]
[White "Salgado Lopez, Ivan"]
[Black "Fedorchuk, Sergey A."]
[Result "1/2-1/2"]
[WhiteTitle "GM"]
[BlackTitle "GM"]
[WhiteElo "2627"]
[BlackElo "2638"]
[WhiteTeam "L'Echiquier Chalonnais"]
[BlackTeam "Evry Grand Roque"]
[WhiteFideId "2257327"]
[BlackFideId "14102536"]
[EventDate "2014.05.24"]

1. c4 Nf6 2. Nc3 e5 3. Nf3 Nc6 4. g3 Bc5 5. Nxe5 Bxf2+ 6. Kxf2 Nxe5 7. e4 c5 8.
d4 cxd4 9. Qxd4 O-O 10. Bf4 d6 11. h3 Be6 12. Kg2 Qa5 13. Be2 Rfd8 14. Rhd1 Rac8
15. b3 a6 16. Rac1 h6 17. Bd2 Qc7 18. Rh1 Re8 19. Rcf1 Qe7 20. Re1 Bd7 21. Nd5
Nxd5 22. exd5 Bf5 23. Rhf1 Qd7 24. g4 Bh7 25. Rf2 1/2-1/2

[Event "TCh-FRA Top 12 2014"]
[Site "Saint-Quentin FRA"]
[Date "2014.05.30"]
[Round "7.2"]
[White "Gharamian, Tigran"]
[Black "Sokolov, Ivan"]
[Result "1/2-1/2"]
[WhiteTitle "GM"]
[BlackTitle "GM"]
[WhiteElo "2655"]
[BlackElo "2650"]
[WhiteTeam "Evry Grand Roque"]
[BlackTeam "L'Echiquier Chalonnais"]
[WhiteFideId "13301527"]
[BlackFideId "14400030"]
[EventDate "2014.05.24"]

1. e4 e5 2. Nf3 Nc6 3. Bb5 a6 4. Ba4 Nf6 5. O-O Be7 6. d3 b5 7. Bb3 d6 8. a3 O-O
9. Nc3 Be6 10. Nd5 Bxd5 11. exd5 Nd4 12. Nxd4 exd4 13. c3 dxc3 14. bxc3 Nd7 15.
d4 Nb6 16. a4 Bf6 17. Qd3 Qd7 18. axb5 axb5 19. Ba3 g6 20. Bb4 Kg7 21. Rfb1 1/2-1/2

[Event "TCh-FRA Top 12 2014"]
[Site "Saint-Quentin FRA"]
[Date "2014.05.30"]
[Round "7.3"]
[White "Krasenkow, Michal"]
[Black "Istratescu, Andrei"]
[Result "1/2-1/2"]
[WhiteTitle "GM"]
[BlackTitle "GM"]
[WhiteElo "2635"]
[BlackElo "2667"]
[WhiteTeam "L'Echiquier Chalonnais"]
[BlackTeam "Evry Grand Roque"]
[WhiteFideId "1113100"]
[BlackFideId "1200372"]
[EventDate "2014.05.24"]

1. d4 e6 2. c4 Nf6 3. Nf3 d5 4. e3 c5 5. a3 cxd4 6. exd4 Be7 7. Nc3 O-O 8. Bg5
b6 9. Rc1 Nbd7 10. Bd3 dxc4 11. Bxc4 Bb7 12. O-O Rc8 13. Ba2 Ne4 14. Nxe4 Rxc1
15. Qxc1 Bxe4 16. Bxe7 Qxe7 17. Ng5 Nf6 18. Nxe4 Nxe4 19. Re1 Nd6 20. Qf4 Re8
21. g3 g6 22. Re5 Qf8 23. d5 exd5 24. Rxd5 Nf5 25. Rd7 Re7 26. Qc7 Rxd7 27. Qxd7
Qe7 28. Qxe7 Nxe7 29. Kg2 Kf8 30. f4 h5 31. Kf3 Nf5 32. Ke4 Ke7 33. Bb3 Nh6 34.
Kd5 Ng4 35. h4 Kd7 36. Ba4+ Kc7 37. Bb5 Ne3+ 38. Ke5 Ng4+ 39. Kd4 Kd6 40. Bd3
Nh6 41. Ke4 Nf5 42. Kf3 Nd4+ 43. Kf2 Kd5 44. Bb1 Ke6 45. Ba2+ Kf6 46. Bd5 Ke7
47. Ke3 1/2-1/2

[Event "TCh-FRA Top 12 2014"]
[Site "Saint-Quentin FRA"]
[Date "2014.05.30"]
[Round "7.4"]
[White "Milliet, Sophie"]
[Black "Sebag, Marie"]
[Result "1/2-1/2"]
[WhiteTitle "IM"]
[BlackTitle "GM"]
[WhiteElo "2393"]
[BlackElo "2486"]
[WhiteTeam "Evry Grand Roque"]
[BlackTeam "L'Echiquier Chalonnais"]
[WhiteFideId "623725"]
[BlackFideId "617822"]
[EventDate "2014.05.24"]

1. e4 c5 2. Nf3 d6 3. Bb5+ Nd7 4. d4 cxd4 5. Qxd4 a6 6. Bxd7+ Bxd7 7. c4 Rc8 8.
O-O Qc7 9. b3 e5 10. Qd3 b5 11. Nbd2 Nf6 12. Ba3 Be7 13. Rfc1 Qb8 14. Nf1 bxc4
15. bxc4 Bc6 16. Ng3 g6 17. Rab1 Qc7 18. Rd1 O-O 19. Bxd6 Bxd6 20. Qxd6 Nxe4 21.
Nxe4 Bxe4 22. Qxc7 Rxc7 23. Rb6 Bxf3 24. gxf3 Rxc4 25. Rxa6 1/2-1/2

[Event "TCh-FRA Top 12 2014"]
[Site "Saint-Quentin FRA"]
[Date "2014.05.30"]
[Round "7.5"]
[White "Velten, Paul"]
[Black "Relange, Eloi"]
[Result "1-0"]
[WhiteTitle "IM"]
[BlackTitle "GM"]
[WhiteElo "2429"]
[BlackElo "2466"]
[WhiteTeam "L'Echiquier Chalonnais"]
[BlackTeam "Evry Grand Roque"]
[WhiteFideId "681091"]
[BlackFideId "600822"]
[EventDate "2014.05.24"]

1. d4 Nf6 2. Nf3 g6 3. e3 Bg7 4. Be2 O-O 5. O-O c5 6. dxc5 Qc7 7. Qd4 Na6 8.
Bxa6 bxa6 9. Qe5 Qd8 10. Nd4 Bb7 11. c6 dxc6 12. Nb3 Qd5 13. Qxe7 c5 14. f3 Rfe8
15. Qxc5 Rac8 16. Qxd5 Nxd5 17. c3 Nxe3 18. Bxe3 Rxe3 19. N1d2 Bd5 20. Rfe1
Rxe1+ 21. Rxe1 a5 22. Nxa5 Bxa2 23. Ra1 Bd5 24. Ra4 h5 25. Kf2 Rc7 26. Rb4 Bf8
27. Rb8 Kg7 28. Nab3 h4 29. h3 Bd6 30. Rd8 Bg3+ 31. Ke3 Bxb3 32. Nxb3 Rb7 33.
Nd4 Rxb2 34. Ne2 Bc7 35. Rc8 Bb6+ 36. Kd3 Kf6 37. c4 Ke7 38. c5 Bd8 39. Ra8 a5
40. Nd4 Bc7 41. Ra7 Kd8 42. Kc4 Rxg2 43. Nb5 Bg3 44. Rxf7 a4 45. Kd5 Rd2+ 46.
Kc6 Rd3 47. f4 Ke8 48. Nd6+ 1-0

[Event "TCh-FRA Top 12 2014"]
[Site "Saint-Quentin FRA"]
[Date "2014.05.30"]
[Round "7.6"]
[White "Moussard, Jules"]
[Black "Dourerassou, Jonathan"]
[Result "0-1"]
[WhiteTitle "IM"]
[BlackTitle "IM"]
[WhiteElo "2440"]
[BlackElo "2502"]
[WhiteTeam "Evry Grand Roque"]
[BlackTeam "L'Echiquier Chalonnais"]
[WhiteFideId "642908"]
[BlackFideId "628050"]
[EventDate "2014.05.24"]

1. Nf3 Nf6 2. g3 d5 3. Bg2 g6 4. O-O Bg7 5. d3 O-O 6. c3 Nbd7 7. Qa4 e5 8. Qh4
Re8 9. Bh6 e4 10. Ne1 Ne5 11. Bxg7 Kxg7 12. d4 Nc4 13. b3 h6 14. Qf4 e3 15. bxc4
g5 16. Qxe3 Rxe3 17. fxe3 Qe7 18. Nc2 Bg4 19. e4 Nxe4 20. Ne3 Nf6 21. Rf3 Kg8
22. Nxg4 Nxg4 23. Nd2 Qxe2 24. Nf1 Re8 25. h3 Qb2 26. Rd1 Re2 27. hxg4 Rxg2+ 28.
Kh1 dxc4 29. Ne3 Rf2 30. Rf5 0-1

[Event "TCh-FRA Top 12 2014"]
[Site "Saint-Quentin FRA"]
[Date "2014.05.30"]
[Round "7.7"]
[White "Favarel, Antoine"]
[Black "Sochacki, Christophe"]
[Result "1-0"]
[WhiteTitle "FM"]
[BlackTitle "IM"]
[WhiteElo "2333"]
[BlackElo "2449"]
[WhiteTeam "L'Echiquier Chalonnais"]
[BlackTeam "Evry Grand Roque"]
[WhiteFideId "642371"]
[BlackFideId "662569"]
[EventDate "2014.05.24"]

1. d4 e6 2. c4 Nf6 3. Nc3 d5 4. cxd5 exd5 5. Bg5 Be7 6. e3 Nbd7 7. Bd3 c6 8.
Nge2 O-O 9. Qc2 Re8 10. O-O h6 11. Bh4 Ne4 12. Bxe7 Qxe7 13. b4 Ndf6 14. b5 cxb5
15. Bxb5 Rd8 16. Bd3 Bg4 17. Bxe4 dxe4 18. Ng3 Re8 19. h3 Bd7 20. Qb3 Rac8 21.
Rfc1 Rc7 22. Nd5 Nxd5 23. Qxd5 Bc6 24. Qa5 b6 25. Qd2 Rec8 26. Rc2 Bb5 27. Rac1
Bd3 28. Rxc7 Rxc7 29. Nh5 Bc4 30. d5 Qc5 31. d6 Rd7 32. Qc3 Qxh5 33. Qxc4 Rxd6
34. Qxe4 Rd1+ 35. Rxd1 Qxd1+ 36. Kh2 Qd7 37. f4 g6 38. Qe5 Qe6 39. Qb8+ Kg7 40.
Qxa7 Qxe3 41. Qc7 h5 42. Qd6 h4 43. a3 f6 44. Kh1 Qc5 45. Qxc5 bxc5 46. Kg1 Kf7
47. Kf2 Ke6 48. Ke3 Kd5 1-0

[Event "TCh-FRA Top 12 2014"]
[Site "Saint-Quentin FRA"]
[Date "2014.05.30"]
[Round "7.1"]
[White "David, Alberto"]
[Black "Vazquez Igarza, Renier"]
[Result "1/2-1/2"]
[WhiteTitle "GM"]
[BlackTitle "GM"]
[WhiteElo "2579"]
[BlackElo "2601"]
[WhiteTeam "Les Tours de Haute Picardie"]
[BlackTeam "Echecs Club Montpellier"]
[WhiteFideId "4000013"]
[BlackFideId "3503054"]
[EventDate "2014.05.24"]

1. e4 c5 2. Nf3 e6 3. g3 Nc6 4. Bg2 Nf6 5. d3 d6 6. O-O Be7 7. Re1 e5 8. h3 h6
9. c3 Nh7 10. Kh2 O-O 11. d4 cxd4 12. cxd4 Ng5 13. Bxg5 hxg5 14. Nc3 g4 15. hxg4
Bxg4 16. dxe5 dxe5 17. Nd5 Bc5 18. Kg1 Qd6 19. Qb3 Rac8 20. Rac1 b6 21. a3 Qh6
22. Qd3 f5 23. exf5 Bxf5 24. Qc4 Be6 25. Qe4 Bf5 26. Qc4 Be6 27. Qe4 Bf5 1/2-1/2

[Event "TCh-FRA Top 12 2014"]
[Site "Saint-Quentin FRA"]
[Date "2014.05.30"]
[Round "7.2"]
[White "Flear, Glenn C"]
[Black "Pelletier, Yannick"]
[Result "1/2-1/2"]
[WhiteTitle "GM"]
[BlackTitle "GM"]
[WhiteElo "2488"]
[BlackElo "2577"]
[WhiteTeam "Echecs Club Montpellier"]
[BlackTeam "Les Tours de Haute Picardie"]
[WhiteFideId "400165"]
[BlackFideId "1301837"]
[EventDate "2014.05.24"]

1. d4 e6 2. c4 Nf6 3. Nc3 Bb4 4. e3 O-O 5. Bd3 c5 6. Ne2 d5 7. cxd5 cxd4 8. exd4
Nxd5 9. O-O Nc6 10. Bc2 Re8 11. Qd3 g6 12. Ne4 Bf8 13. a3 Bg7 14. Rd1 b6 15. Bg5
f6 16. Bh4 Nce7 17. Ba4 Bd7 18. Bb3 Nf5 19. Bg3 Bc6 20. Rac1 Rc8 21. Rc2 Qd7 22.
N2c3 Kh8 23. h3 Qb7 24. Nxd5 Bxd5 25. Rxc8 Rxc8 26. Nd6 Nxd6 27. Bxd6 Bxg2 28.
Bxe6 Rd8 29. Qg3 Bd5 30. Bxd5 Qxd5 31. Bb4 f5 32. Qc7 Rd7 33. Qc8+ Rd8 34. Qc7
Qd7 35. Qxd7 Rxd7 36. Bc3 Kg8 37. Kf1 Kf7 38. Ke2 b5 39. Kd3 Bf8 40. Re1 a6 41.
Rc1 Bc5 42. Re1 Be7 43. Rc1 Rc7 44. Re1 h5 45. d5 Bh4 46. Re6 Rd7 47. Rxa6 Rxd5+
48. Ke2 Bd8 49. a4 bxa4 1/2-1/2

[Event "TCh-FRA Top 12 2014"]
[Site "Saint-Quentin FRA"]
[Date "2014.05.30"]
[Round "7.3"]
[White "Kveinys, Aloyzas"]
[Black "Kazhgaleyev, Murtas"]
[Result "1-0"]
[WhiteTitle "GM"]
[BlackTitle "GM"]
[WhiteElo "2547"]
[BlackElo "2570"]
[WhiteTeam "Les Tours de Haute Picardie"]
[BlackTeam "Echecs Club Montpellier"]
[WhiteFideId "12800040"]
[BlackFideId "13700316"]
[EventDate "2014.05.24"]

1. d4 Nf6 2. c4 e6 3. Nf3 Bb4+ 4. Bd2 Qe7 5. g3 Bxd2+ 6. Qxd2 Nc6 7. Nc3 d5 8.
cxd5 exd5 9. Bg2 O-O 10. O-O Rd8 11. Rac1 a6 12. Qf4 Na7 13. Rfe1 c6 14. e4 dxe4
15. Nxe4 Nd5 16. Qd2 Nb5 17. Ne5 Qb4 18. Rcd1 Qxd2 19. Rxd2 Nbc7 20. Nc5 Nf6 21.
Nc4 Rb8 22. Nb6 Kf8 23. a3 Ne6 24. Red1 Nxc5 25. dxc5 Rxd2 26. Rxd2 Be6 27. f4
Ke7 28. h3 h5 29. Kf2 Rg8 30. h4 Ng4+ 31. Ke1 f6 32. Re2 Kf7 33. Be4 g5 34. Bd3
gxh4 35. gxh4 Re8 36. Nc4 Re7 37. Nd6+ Kf8 38. b4 Nh6 39. Nxb7 Nf5 40. Bxf5 Bxf5
41. Nd6 Bg4 42. Rxe7 Kxe7 43. Nc4 Ke6 44. Ne3 Bf3 45. Kd2 Be4 46. Kc3 Bh7 47.
Kb3 Bd3 48. Ka4 Kd7 49. f5 Kc7 50. Kb3 Kd7 51. Kc3 Be4 52. a4 Ke7 53. Kd4 Bb1
54. Kc4 Ba2+ 55. Kc3 Kd7 56. Nc2 Bd5 57. Nd4 Bg2 58. Kd3 Bd5 59. Ne2 Bf3 60. Nc3
Bg2 61. Ke3 Ke7 62. b5 cxb5 63. axb5 axb5 64. Nxb5 Bh3 65. Kf4 Bg2 66. Nc3 Bc6
67. Ke3 Bg2 68. Ne4 Bh3 69. Kf4 Bg4 70. c6 Be2 71. c7 Kd7 72. Nxf6+ Kxc7 73. Kg5
Kd6 74. Nxh5 Ke7 75. Nf4 Bd1 76. h5 Kf7 77. Nd3 Kg7 78. Ne5 Bb3 79. Nd7 Ba2 80.
Nc5 Bc4 81. Ne6+ Kh7 82. Nf4 Bb3 83. Ne6 Bc4 84. Kf6 Be2 85. Ke7 Kg8 86. h6 Bd3
87. f6 Bg6 88. Nf4 1-0

[Event "TCh-FRA Top 12 2014"]
[Site "Saint-Quentin FRA"]
[Date "2014.05.30"]
[Round "7.4"]
[White "Fier, Alexandr"]
[Black "Grafl, Florian"]
[Result "0-1"]
[WhiteTitle "GM"]
[BlackTitle "IM"]
[WhiteElo "2575"]
[BlackElo "2403"]
[WhiteTeam "Echecs Club Montpellier"]
[BlackTeam "Les Tours de Haute Picardie"]
[WhiteFideId "2107139"]
[BlackFideId "4645715"]
[EventDate "2014.05.24"]

1. Nf3 f5 2. d3 Nc6 3. e4 e5 4. Nc3 Bb4 5. Be2 fxe4 6. dxe4 Nf6 7. Bc4 Qe7 8.
O-O Bxc3 9. bxc3 d6 10. Ba3 Be6 11. Bd5 Nd7 12. c4 Bg4 13. h3 Bxf3 14. Qxf3 Nd8
15. c5 dxc5 16. Rad1 c6 17. Bb3 a5 18. Qe3 a4 19. Bc4 b5 20. Be2 Ne6 21. Bg4
Ndf8 22. Bb2 Nd4 23. c3 h5 24. cxd4 hxg4 25. dxc5 gxh3 26. g3 Rh6 27. Kh2 Nd7
28. f4 O-O-O 29. fxe5 Qxc5 30. Qd3 Qe7 31. Ba3 Qxe5 32. Rf7 Qe6 33. Re7 Qg4 34.
e5 Rhh8 35. Rc1 Nxe5 36. Qe3 Nc4 37. Rc2 Rd7 38. Qc5 Rxe7 39. Qxc6+ Rc7 40. Qa8+
Kd7 41. Qxh8 Rc8 42. Qh7 Ne5 43. Rd2+ Ke6 44. Rf2 Rd8 45. Qc2 Qg6 46. Qe2 Rd3
47. Bc5 Qxg3+ 48. Kh1 Rc3 49. Ba3 Re3 50. Qd2 Rd3 51. Qc2 Qxf2 52. Qc8+ Kf7 53.
Qf8+ Kg6 54. Qe8+ Qf7 0-1